LEADER 00911cam0-2200313---450- 001 990005618170403321 005 20150526162200.0 010 $a3-484-31045-6 035 $a000561817 035 $aFED01000561817 035 $a(Aleph)000561817FED01 035 $a000561817 100 $a19990604d1983----km-y0itay50------ba 101 0 $ager 102 $aDE 105 $a--------001yy 200 1 $aDeutsche Flugschriften 1460-1525$eTextsortengrschichtliche Studien$fJohannes Schwitalla 210 $aTübingen$cNiemeyer$d1983 215 $aIX, 368 p.$d22 cm 225 1 $aReihe Germanistische Linguistik$v45 676 $a838.3$v21$zita 700 1$aSchwitalla,$bJohannes$0157715 801 0$aIT$bUNINA$gRICA$2UNIMARC 901 $aBK 912 $a990005618170403321 952 $a838.3 SCH 1$bBibl.58773$fFLFBC 959 $aFLFBC 996 $aDeutsche Flugschriften 1460-1525$9604380 997 $aUNINA LEADER 00959cam0-2200325---450- 001 990004238580403321 005 20110606111359.0 010 $a0-19-871150-6 035 $a000423858 035 $aFED01000423858 035 $a(Aleph)000423858FED01 035 $a000423858 100 $a19990604d1996----km-y0itay50------ba 101 0 $aeng 102 $aGB 105 $aa-------001yy 200 1 $aNovel to film$ean introduction to the theory of adaptation$fBrian McFarlane 210 $aOxford$cClarendon press$d1996 215 $aIX, 279 p.$cill.$d24 cm 610 0 $aOpere letterarie$aRiduzioni cinematografiche 676 $a791.4301 700 1$aMcFarlane,$bBrian$f<1934- >$0167412 801 0$aIT$bUNINA$gRICA$2UNIMARC 901 $aBK 912 $a990004238580403321 952 $a791.43 MCF 1 BIS$bBibl.26638$fFLFBC 952 $a791.43 MCF 1$bDIP.FIL.MOD. 9871$fFLFBC 959 $aFLFBC 996 $aNovel to film$9481189 997 $aUNINA LEADER 01619nam0 2200337 i 450 001 SUN0005486 005 20120328092446.772 100 $a20020812d1993 |0itac50 ba 101 $aita 102 $aIT 105 $a|||| ||||| 200 1 $aˆLe ‰libertà fondamentali nello Stato costituzionale$fPeter Häberle$ga cura di Paolo Ridola 205 $aRoma : NIS$b1993 210 $d298 p. ; 22 cm 215 $aTrad. di Alessandro Fusillo, Romolo W. Rossi. 410 1$1001SUN0005534$12001 $aStudi superiori NIS. Diritto costituzionale$v147$1210 $aRoma$cLa nuova Italia scientifica. 606 $aDiritti di libertà$xCostituzione tedesca$2FI$3SUNC003329 620 $dRoma$3SUNL000360 676 $a342.43085$v21 700 1$aHäberle$b, Peter$3SUNV004866$0405462 702 1$aRidola$b, Paolo$3SUNV004867 712 $aNIS$3SUNV000143$4650 790 1$aHaberle, Peter$zHäberle, Peter$3SUNV050319 801 $aIT$bSOL$c20181109$gRICA 912 $aSUN0005486 950 $aUFFICIO DI BIBLIOTECA DEL DIPARTIMENTO DI GIURISPRUDENZA$d00 CONS VIII.Eh.12 bis $e00 3449 950 $aUFFICIO DI BIBLIOTECA DEL DIPARTIMENTO DI GIURISPRUDENZA$d00 CONS VIII.Eh.12 $e00 10239 995 $aUFFICIO DI BIBLIOTECA DEL DIPARTIMENTO DI GIURISPRUDENZA$h3449$kCONS VIII.Eh.12 bis$op$qa 995 $aUFFICIO DI BIBLIOTECA DEL DIPARTIMENTO DI GIURISPRUDENZA$h10239$kCONS VIII.Eh.12$op$qa 996 $aLibertà fondamentali nello stato costituzionale$9208303 997 $aUNICAMPANIA LEADER 03563nam 2200721Ia 450 001 9910460241603321 005 20200520144314.0 010 $a0-8166-7498-1 035 $a(CKB)2670000000069682 035 $a(EBL)635541 035 $a(OCoLC)692327527 035 $a(SSID)ssj0000416190 035 $a(PQKBManifestationID)11291196 035 $a(PQKBTitleCode)TC0000416190 035 $a(PQKBWorkID)10438063 035 $a(PQKB)11241093 035 $a(MiAaPQ)EBC635541 035 $a(MdBmJHUP)muse29846 035 $a(Au-PeEL)EBL635541 035 $a(CaPaEBR)ebr10436237 035 $a(CaONFJC)MIL525691 035 $a(EXLCZ)992670000000069682 100 $a20100514d2010 ub 0 101 0 $aeng 135 $aur|n|---||||| 181 $ctxt 182 $cc 183 $acr 200 10$aDream factories of a former colony$b[electronic resource] $eAmerican fantasies, Philippine cinema /$fJose? B. Capino 210 $aMinneapolis $cUniversity of Minnesota Press$dc2010 215 $a1 online resource (326 p.) 300 $aDescription based upon print version of record. 311 $a0-8166-6972-4 311 $a0-8166-6971-6 320 $aIncludes bibliographical references, filmography and index. 327 $aIntroduction : a tale of two sisters -- Visions of empire. Terror is a man : exploiting the horrors of empire -- My brother is not a pig : American benevolence and Philippine sovereignty -- (Not) searching for my father : GI babies and postcolonial futures -- Mobile imaginaries. The migrant woman's tale : on loving and leaving nations -- Filipino American dreams : the cultural politics of diasporan films -- Global ambitions. Naked brown brothers exhibitionism and festival cinema -- Philippine cinema's fatal attractions appropriating Hollywood -- Coda : a tale of two brothers. 330 $aPhilippine cinema, the dream factory of the former U.S. colony, teems with American figures and plots. Local movies feature GIs seeking Filipina brides, cold war spies hunting down native warlords, and American-born Filipinos wandering in the parental homeland. The American landscape furnishes the settings for the triumphs and tragedies of Filipino nurses, GI babies, and migrant workers. By tracking American fantasies in Philippine movies from the postindependence period to the present, Jose? B. Capino offers an innovative account of cinema's cultural work in decolonization and globalization. C 606 $aMotion pictures$zPhilippines 606 $aMyth in motion pictures 606 $aImperialism in motion pictures 606 $aCulture in motion pictures 606 $aNational characteristics, American, in motion pictures 606 $aMotion pictures and transnationalism 606 $aMotion pictures and globalization 607 $aUnited States$xIn motion pictures 607 $aPhilippines$xCivilization$xAmerican influences 608 $aElectronic books. 615 0$aMotion pictures 615 0$aMyth in motion pictures. 615 0$aImperialism in motion pictures. 615 0$aCulture in motion pictures. 615 0$aNational characteristics, American, in motion pictures. 615 0$aMotion pictures and transnationalism. 615 0$aMotion pictures and globalization. 676 $a791.4309599 700 $aCapino$b Jose? B$01032729 801 0$bMiAaPQ 801 1$bMiAaPQ 801 2$bMiAaPQ 906 $aBOOK 912 $a9910460241603321 996 $aDream factories of a former colony$92450741 997 $aUNINA